000 00746nam a22002177a 4500
999 _c12863
_d12863
003 AR-CdUCM
008 190410b ||||| |||| 00| 0 spa d
040 _aMUNICIPALIDAD PROVINCIAL DEL CUSCO
_cBIBLIOTECA MUNICIPAL DEL CUSCO
082 _aC / 372.1 /
_bL95
100 _aLuna, Humberto
_930955
245 _aPedagogía i organización escolar /
260 _aCuzco
_bRozas,
_c1927.
300 _a216 páginas ;
_c20 cm.
505 _aPedagogía -- La educación -- Fin biológico de la educación -- Carácter sicológico de la educación...
650 _aEducación.
_9460
650 _aPedagogía.
_91560
650 _aPsicología educativa.
_95123
650 _aHumberto Luna.
_930956
942 _2ddc
_cLIBROS
945 _awfj
_d2019-04-10